| 000 | 00874nam a2200205 a 4500 | ||
|---|---|---|---|
| 008 | 120416s1961 ||||||||||||||||| || u | ||
| 050 | _aKD 91 Wil | ||
| 100 | _aWilliams, Blanville | ||
| 245 | 1 | 0 | _aCriminal law |
| 246 | _athe general part | ||
| 250 | _a2nd ed | ||
| 260 |
_aLondon _bStevens _c1961 |
||
| 300 | _aliv, 929p. | ||
| 350 | _a0.00 | ||
| 650 | _aCRIMINAL LAW--GREAT BRITAIN | ||
| 650 | _aLAW | ||
| 995 |
_D0.00 _FCBU-MAIN LIBRARY (Kitwe) _H3 _I0.00 _M2 _UAVAILABLE _ZAnnex Low-Usage Collection |
||
| 995 |
_D0.00 _FCBU-MAIN LIBRARY (Kitwe) _H2 _I0.00 _M3 _UAVAILABLE _ZAnnex Low-Usage Collection |
||
| 995 |
_D0.00 _FCBU-MAIN LIBRARY (Kitwe) _H1 _I0.00 _M1 _UDAMAGED _ZMain Library Open Access Collection |
||
| 999 |
_c62614 _d62614 |
||